Zborník Slovenského národného múzea - etnografia

Bibliographic Details
Main Author: Králiková, Eva, 1946- (Author)
Format: Article
Language:Slovak
English
ISSN:1335-1303
Subjects:

MARC

LEADER 00000nab a2200000 a 4500
001 vtls000787469
003 SK-MaSNL
005 20260304120759.0
008 250429c2001 xo 0 slo
015 |a SNBRB2002/03-09787 
035 |a CLN000139124 
035 |a urn:nbn:sk:snk-abnk3 
035 |a (urnnbn)urn:nbn:sk:snk:ar-a039ti 
035 |a (uuid)352f5f36-b781-4156-be1e-79ad0e4203b3 
040 |a SNKBUCL  |b slo  |c SNKBUCL  |e AACR2 
041 0 |a eng 
044 |a xo  |c SK 
080 |a 39(437.6)(082)  |2 1997 
100 1 |a Králiková, Eva,  |d 1946-  |4 aut  |9 209511 
245 1 0 |a Zborník Slovenského národného múzea - etnografia  |c Eva Králiková 
650 0 7 |a etnografia  |z Slovensko  |2 snkbucl  |9 467628 
655 7 |a články z novín a časopisov  |2 snkbucl  |9 267496 
773 0 |t Slovenský národopis  |g Roč. 49, č. 4 (2001), s. 497  |x 1335-1303 
850 |a Slovenská národná knižnica 
852 |a Slovenská národná knižnica 
958 |a article27 
958 |a SK 
958 |a OND 
958 |a EUIPO 
992 |a RBX 
999 |c 2881484  |d 2883414